00558nam a22001577a 450000500170000002000100001703500130002703700130004010000290005324500720008226000410015430000480019594200240024399900170026795201160028420120228133721.0 c00.00 aA-780064 aDPLbENG aHeintze, Ingeborg943152 aThe organization of the small public library /cby Ingeborg Heintze aDelhibA Universal Publicationc1974 a66p.c18 cms.e26 photographs with diagrams 2ddccENh027.4mHEI c63564d63564 001040708NFICaZLSbZLSd2012-02-28g0.00l0o027.4 HEIpA-780064r2012-02-28 00:00:00v0.00w2012-02-28yEN